| 000 | 00600nam a22001817a 4500 | ||
|---|---|---|---|
| 003 | BUBTL | ||
| 008 | 190310b xxu||||| |||| 00| 0 eng d | ||
| 020 | _a978-984-90299-22-5 | ||
| 082 | _a891.443 / AHV | ||
| 100 |
_91693 _aআহমেদ, হুমায়ূন |
||
| 245 |
_aভয় / _cহুমায়ূন আহমেদ |
||
| 260 |
_aঢাকা : _bআফসার ব্রাদার্স, _cc1991 |
||
| 300 |
_a80 p. : _c21 cm. |
||
| 650 | 0 |
_91687 _aবাংলা সাহিত্য |
|
| 856 |
_k0 _l0 _yDownload |
||
| 942 |
_2ddc _cBK |
||
| 999 |
_c5907 _d5907 |
||